| 000 | 00397nam a22001337a 4500 | ||
|---|---|---|---|
| 999 |
_c12883 _d12883 |
||
| 008 | 211223b ||||| |||| 00| 0 eng d | ||
| 041 | 0 | _aeng | |
| 110 |
_95164 _aAll India Council for Technical Education |
||
| 245 | 1 | 0 |
_aNorms and standards / _cby All India Council for Technical Education |
| 260 |
_aNew Delhi : _bAICTE, _c1995. |
||
| 300 | _a348 p. | ||
| 650 | 0 | _aTechnical Standards | |
| 942 | _cBK | ||